00509nam a22001697a 4500003000400000005001700004008004100021020001800062040002900080050002500109100005700134245005200191250001200243260004000255300001000295650003400305OSt20250808121358.0250808b |||||||| |||| 00| 0 eng d a0-205-41792-2 cChuka University Library aBF 637b.C45B43 2001 aBeebe, Steven A., Susan J. Beebe and Mark V. Redmond aInterpersonal communication: Relating to others a4th ed. aBoston, MAbPearson Educationc2001 a419p. a1. Interpersonal communicaton